| 000 | 00905cab a2200325 4500 | ||
|---|---|---|---|
| 001 | ABS60115 | ||
| 008 | 090401t1999 xxu||||| |||| 00| 0 eng d | ||
| 035 | _a(Sirsi) u91311 | ||
| 041 | _aeng | ||
| 245 | _aRegional Survey: Lancashire and Cumbria | ||
| 260 | _c1999 | ||
| 350 | _a0 | ||
| 490 |
_aProperty Week _v64(6) 12 February 1999, 77-90(7) |
||
| 650 | _aBARROW-IN-FURNESS | ||
| 650 | _aBLACKPOOL | ||
| 650 | _aCARLISLE | ||
| 650 | _aCENTRAL LANCASHIRE | ||
| 650 | _aCUMBRIA | ||
| 650 | _aINDUSTRIAL MARKET | ||
| 650 | _aLANCASHIRE | ||
| 650 | _aPROPERTY-COMMERCIAL PROPERTY-OFFICE PROPERTY-OFFICE PROPERTY MARKET | ||
| 650 | _aOFFICE RENTS | ||
| 650 | _aPENRITH | ||
| 650 | _aPLANNING ISSUES | ||
| 650 | _aREGIONAL DEVELOPMENT AGENCIES | ||
| 650 | _aWEST CUMBRIA | ||
| 690 | _aPROPERTY-COMMERCIAL PROPERTY-COMMERCIAL PROPERTY MARKET | ||
| 942 | _n0 | ||
| 948 | _c12/02/1999 | ||
| 999 |
_c57949 _d57949 |
||